书目信息 |
| 题名: |
郑州大学图书館館藏古籍善本圖錄
|
|
| 作者: | 崔波 , 胡志荣 主编 | |
| 分册: | ||
| 出版信息: | 郑州 中州古籍出版社 2012.07 |
|
| 页数: | 259页 | |
| 开本: | 28cm | |
| 丛书名: | ||
| 单 册: | ||
| 中图分类: | Z838 | |
| 科图分类: | ||
| 主题词: | 目录--类型 | |
| 电子资源: | ||
| ISBN: | 7-5348-3919-X | |
| 000 | 00671nam0 2200205 450 | |
| 001 | 1439646285 | |
| 005 | 20140226111328.15 | |
| 010 | @a7-5348-3919-X@dCNY87.00 | |
| 100 | @a20140226d2012 km y0chiy0120 ea | |
| 101 | 0 | @achi |
| 102 | @aCN@b410000 | |
| 200 | 1 | @a郑州大学图书館館藏古籍善本圖錄@Azheng zhou da xue tu shu guan guan cang gu ji shan ben tu lu@f崔波, 胡志荣主编@Fcui bo,hu zhi rong zhu bian |
| 210 | @a郑州@c中州古籍出版社@d2012.07 | |
| 215 | @a259页@d28cm | |
| 606 | 0 | @a目录@x类型 |
| 690 | @aZ838@v4 | |
| 701 | 0 | @a崔波@Acui bo@4主编 |
| 701 | 0 | @a胡志荣@Ahu zhi rong@4主编 |
| 801 | 0 | @aCN@b大连网信软件有限公司图书馆·11@c20140226 |
| 905 | @aZUCC@dZ838@eC968 | |
| 郑州大学图书館館藏古籍善本圖錄/崔波, 胡志荣主编.-郑州:中州古籍出版社,2012.07 |
| 259页;28cm |
| ISBN 7-5348-3919-X:CNY87.00 |
| ● |
| 相关链接 |
|
|
|
正题名:郑州大学图书館館藏古籍善本圖錄
索取号:Z838/C968
 
预约/预借
| 序号 | 登录号 | 条形码 | 馆藏地/架位号 | 状态 | 备注 |
| 1 | 492683 | 204926839 | 自科库501/501自科库 132排1列5层/ [索取号:Z838/C968] | 在馆 | |
| 2 | 492699 | 204926991 | 自科库501/501自科库 132排1列5层/ [索取号:Z838/C968] | 在馆 |